[Event "PRO League KO Stage"]
[Site "Chess.com INT"]
[Date "2017.03.01"]
[Round "1"]
[White "Jones, Gawain C B"]
[Black "Bitalzadeh, Ali"]
[Result "1/2-1/2"]
[WhiteElo "2676"]
[BlackElo "2383"]
[PlyCount "141"]
[EventDate "2017.03.01"]
[EventType "team-k.o. (rapid)"]
[EventRounds "5"]
[EventCountry "USA"]
[SourceTitle "CBM 177 Extra"]
[Source "ChessBase"]
[SourceDate "2017.04.27"]
[SourceVersion "1"]
[SourceVersionDate "2017.04.27"]
[SourceQuality "1"]
[WhiteTeam "London Towers"]
[BlackTeam "Amsterdam Mosquitos"]
[WhiteTeamCountry "ENG"]
[BlackTeamCountry "NED"]

1. e4 g6 2. d4 Bg7 3. Nc3 d6 4. Be3 c6 5. Bc4 Nf6 6. Bb3 0-0 7. h3 d5 8. Nf3 a5 9. exd5 cxd5 10. Ne5 Nc6 11. 0-0 Bf5 12. Re1 Rc8 13. Qf3 Nb4 14. Qe2 Be6 15. Qb5 Nd7 16. Bf4 Nxe5 17. Bxe5 Bxe5 18. dxe5 d4 19. Bxe6 fxe6 20. Rad1 Nxc2 21. Re2 Nb4 22. Red2 Nc6 23. Ne2 Qd5 24. a4 Nxe5 25. Nxd4 Nc4 26. Re2 Rfd8 27. b3 Qxb5 28. axb5 e5 29. bxc4 exd4 30. Rxe7 Rxc4 31. Rxb7 d3 32. b6 Rb4 33. g3 Rd6 34. Rc1 Rd8 35. Kg2 d2 36. Rd1 a4 37. Kf3 Rb3+ 38. Ke2 Rd6 39. Ra7 Rbxb6 40. Rxa4 Re6+ 41. Kf1 Rbd6 42. Ra2 Kg7 43. Raxd2 Rxd2 44. Rxd2 h5 45. Re2 Rd6 46. Kg2 Kf6 47. Kf3 Ra6 48. Re4 Ra3+ 49. Re3 Ra4 50. Rb3 Ra6 51. Rb4 Ra3+ 52. Ke4 Ra6 53. Rd4 Re6+ 54. Kf3 Ra6 55. Kf4 Re6 56. Rd5 Ra6 57. Ke4 Ra4+ 58. Rd4 Ra6 59. g4 hxg4 60. hxg4 Kg5 61. f3 Re6+ 62. Kd5 Re3 63. f4+ Kxg4 64. Re4 Rf3 65. Ke5 Kg3 66. Rd4 Rf1 67. Rc4 Rf2 68. Rc6 Rxf4 69. Rxg6+ Rg4 70. Kf5 Rxg6 71. Kxg6 1/2-1/2

[Event "NED-chT 1617"]
[Site "Netherlands"]
[Date "2016.11.05"]
[Round "3.8"]
[White "Bitalzadeh, Ali"]
[Black "Vedder, Richard"]
[Result "0-1"]
[WhiteElo "2397"]
[BlackElo "2213"]
[PlyCount "86"]
[EventDate "2016.09.17"]
[EventType "team-tourn"]
[EventRounds "9"]
[EventCountry "NED"]
[SourceTitle "EXT 2018"]
[Source "ChessBase"]
[SourceDate "2017.10.13"]
[SourceVersion "1"]
[SourceVersionDate "2017.10.13"]
[SourceQuality "1"]
[WhiteTeam "Kennemer Combinatie"]
[BlackTeam "En Passant"]
[WhiteTeamCountry "NED"]
[BlackTeamCountry "NED"]

1. c4 e5 2. Nc3 Nc6 3. Nf3 f5 4. d4 e4 5. Ng5 h6 6. Nh3 g5 7. e3 Nf6 8. f4 g4 9. Nf2 d6 10. b4 Bg7 11. Qb3 Qe7 12. Ba3 Qf7 13. Qa4 0-0 14. b5 Ne7 15. Rc1 Bd7 16. c5 a6 17. cxd6 axb5 18. Qb4 Nc6 19. Qb2 Rxa3 20. Qxa3 b4 21. Qb3 Qxb3 22. axb3 bxc3 23. dxc7 Nd5 24. Nd1 Ncb4 25. Bc4 b5 26. Bxd5+ Nxd5 27. Nxc3 Nxe3 28. Nxb5 Nxg2+ 29. Kd1 Nxf4 30. Nd6 Nd3 31. Rc2 Bxd4 32. Rf1 Bc5 33. c8Q Bxc8 34. Nxc8 f4 35. b4 Bxb4 36. Rc7 Re8 37. Nb6 Ba5 38. Rc6 e3 39. Ke2 f3+ 40. Kxd3 e2 41. Rg1 e1Q 42. Rxe1 Rxe1 43. Nc4 f2 0-1

[Event "NED-chT 1516"]
[Site "Netherlands"]
[Date "2016.03.19"]
[Round "7.1"]
[White "Zaragatski, Ilja"]
[Black "Bitalzadeh, Ali"]
[Result "1-0"]
[WhiteElo "2491"]
[BlackElo "2400"]
[PlyCount "129"]
[EventDate "2015.09.26"]
[EventType "team-tourn"]
[EventRounds "9"]
[EventCountry "NED"]
[SourceTitle "EXT 2017"]
[Source "ChessBase"]
[SourceDate "2016.10.25"]
[SourceVersion "1"]
[SourceVersionDate "2016.10.25"]
[SourceQuality "1"]
[WhiteTeam "SISSA"]
[BlackTeam "Groningen Combinatie"]
[WhiteTeamCountry "NED"]
[BlackTeamCountry "NED"]

1. Nf3 g6 2. e4 Bg7 3. d4 d6 4. Be2 Nf6 5. Nc3 0-0 6. 0-0 a6 7. a4 Nc6 8. d5 Ne5 9. Nxe5 dxe5 10. Bg5 Ne8 11. Bg4 Nd6 12. Bxc8 Rxc8 13. Qd3 Qd7 14. Rfd1 h6 15. Be3 Rfd8 16. Ne2 c5 17. c4 a5 18. Nc3 f5 19. Ra3 f4 20. Bd2 g5 21. Rb3 Rf8 22. f3 Rf6 23. Nb5 b6 24. Nxd6 Rxd6 25. Rb5 Rf8 26. Bc3 h5 27. Qc2 g4 28. Qf2 Rg6 29. Kh1 g3 30. Qg1 gxh2 31. Qxh2 h4 32. Be1 Kf7 33. Qh3 Qxh3+ 34. gxh3 Rd8 35. Bf2 Rdd6 36. Rg1 Rxg1+ 37. Kxg1 e6 38. Bxh4 exd5 39. cxd5 Bf6 40. Be1 Bd8 41. Rb3 Rh6 42. Kh2 Rg6 43. Rc3 Be7 44. Rc2 Rg8 45. Rg2 Rb8 46. Bc3 Bf6 47. Rg4 Rb7 48. h4 Rb8 49. Kh3 Rb7 50. Rg1 Rb8 51. Rg2 Rh8 52. Rg4 Rb8 53. Rg1 Rh8 54. Be1 Rb8 55. Bf2 Be7 56. Kg4 b5 57. axb5 Rxb5 58. Be1 Rxb2 59. Bc3 Rb8 60. Kf5 Rb3 61. Bxe5 Rxf3 62. Rg7+ Kf8 63. Ke6 Bd8 64. Rd7 Bb6 65. Rb7 1-0

[Event "NED-chT 1516"]
[Site "Netherlands"]
[Date "2016.01.09"]
[Round "5.8"]
[White "Bitalzadeh, Ali"]
[Black "Bosboom, Manuel"]
[Result "1-0"]
[WhiteElo "2400"]
[BlackElo "2384"]
[PlyCount "105"]
[EventDate "2015.09.26"]
[EventType "team-tourn"]
[EventRounds "9"]
[EventCountry "NED"]
[SourceTitle "CBM 170 Extra"]
[Source "ChessBase"]
[SourceDate "2016.02.25"]
[SourceVersion "1"]
[SourceVersionDate "2016.02.25"]
[SourceQuality "1"]
[WhiteTeam "Groningen Combinatie"]
[BlackTeam "En Passant"]
[WhiteTeamCountry "NED"]
[BlackTeamCountry "NED"]

1. c4 g6 2. Nc3 Bg7 3. d4 d6 4. e4 Nf6 5. Bg5 h6 6. Be3 Ng4 7. Bc1 c5 8. dxc5 dxc5 9. Qxd8+ Kxd8 10. h3 Bxc3+ 11. bxc3 Nf6 12. e5 Nfd7 13. Bf4 Nb6 14. 0-0-0+ Ke8 15. Nf3 Be6 16. Nd2 Nc6 17. Nb3 Na4 18. Kc2 g5 19. Bg3 Kf8 20. Bd3 Kg7 21. f4 gxf4 22. Bxf4 Rad8 23. Rhf1 h5 24. Rde1 b6 25. Re3 Kf8 26. Nd2 Na5 27. Bg5 Ke8 28. Rf4 Rg8 29. h4 Rd7 30. Be2 Rh8 31. Nb3 Nc6 32. Bf3 Nd8 33. Nd2 a6 34. Ne4 b5 35. cxb5 axb5 36. Be2 Rb7 37. a3 Nc6 38. Bf3 Kd7 39. Ng3 Nb6 40. Ne4 Na4 41. Ng3 Ra7 42. Nf5 Re8 43. Rd3+ Kc7 44. Ng7 Rea8 45. Nxe6+ fxe6 46. Rf7 Re8 47. Rg7 c4 48. Rd1 Nc5 49. Be3 Rxa3 50. Bxc5 Ra2+ 51. Kb1 Rea8 52. Rxe7+ Nxe7 53. Bxa8 1-0

[Event "BEL-chT 1516"]
[Site "Belgium"]
[Date "2015.11.08"]
[Round "3.6"]
[White "Bitalzadeh, Ali"]
[Black "Sielecki, Christof"]
[Result "1-0"]
[WhiteElo "2400"]
[BlackElo "2435"]
[PlyCount "77"]
[EventDate "2015.09.27"]
[EventType "team-tourn"]
[EventRounds "11"]
[EventCountry "BEL"]
[SourceTitle "EXT 2017"]
[Source "ChessBase"]
[SourceDate "2016.10.25"]
[SourceVersion "1"]
[SourceVersionDate "2016.10.25"]
[SourceQuality "1"]
[WhiteTeam "KGSRL"]
[BlackTeam "Eynatten"]
[WhiteTeamCountry "BEL"]
[BlackTeamCountry "BEL"]

1. c4 e6 2. d4 Nf6 3. Nc3 Bb4 4. e3 0-0 5. Nge2 Re8 6. a3 Bf8 7. d5 d6 8. dxe6 fxe6 9. Nf4 c6 10. Bd3 d5 11. 0-0 Nbd7 12. cxd5 exd5 13. e4 Nc5 14. exd5 Nxd3 15. Qxd3 Bd6 16. dxc6 Bxf4 17. Qxd8 Rxd8 18. cxb7 Bxh2+ 19. Kxh2 Bxb7 20. Bg5 a5 21. Bxf6 gxf6 22. Rad1 Kf7 23. Rxd8 Rxd8 24. Rd1 Rxd1 25. Nxd1 Ke6 26. Ne3 Ba6 27. f4 Kd6 28. b4 axb4 29. axb4 Bc8 30. Kg3 Be6 31. Kh4 Bf7 32. Kg4 Bg6 33. g3 Kc6 34. Kh4 h5 35. b5+ Kc5 36. b6 Be4 37. Kxh5 Kxb6 38. Ng4 Bf3 39. Kh4 1-0

[Event "Titled Tuesday intern op 6th Oct"]
[Site "Chess.com INT"]
[Date "2015.10.06"]
[Round "3"]
[White "Bitalzadeh, Ali"]
[Black "Pace, Christopher"]
[Result "1-0"]
[WhiteElo "2394"]
[BlackElo "2084"]
[PlyCount "81"]
[EventDate "2015.10.06"]
[EventType "swiss (blitz)"]
[EventRounds "9"]
[EventCountry "USA"]
[SourceTitle "EXT 2021"]
[Source "ChessBase"]
[SourceDate "2020.10.23"]
[SourceVersion "1"]
[SourceVersionDate "2020.10.23"]
[SourceQuality "1"]

1. c4 Nf6 2. Nc3 g6 3. e4 Bg7 4. d4 d6 5. Bg5 0-0 6. Qd2 Re8 7. Nf3 c6 8. Be2 Qc7 9. 0-0 e5 10. dxe5 dxe5 11. Rfd1 Na6 12. Qd6 Qxd6 13. Rxd6 Nh5 14. Rad1 f6 15. Be3 Bg4 16. a3 Bf8 17. R6d2 Nc5 18. h3 Bxf3 19. Bxf3 Nf4 20. b4 Nce6 21. Rd7 Nd8 22. Bxf4 exf4 23. Rc7 a5 24. c5 axb4 25. axb4 Ra3 26. Ne2 Rb3 27. Rc8 Be7 28. Bg4 Kf7 29. Rd4 h5 30. Bd7 Rf8 31. Nxf4 Rb1+ 32. Kh2 Rb2 33. f3 h4 34. Bg4 f5 35. exf5 Bf6 36. Rd7+ Ke8 37. fxg6 Rxb4 38. g7 Rg8 39. Rcc7 Rxf4 40. Bh5+ Nf7 41. Bxf7# 1-0

[Event "Titled Tuesday intern op 6th Oct"]
[Site "Chess.com INT"]
[Date "2015.10.06"]
[Round "9"]
[White "Kalezic, Blazo"]
[Black "Bitalzadeh, Ali"]
[Result "0-1"]
[WhiteElo "2435"]
[BlackElo "2394"]
[PlyCount "72"]
[EventDate "2015.10.06"]
[EventType "swiss (blitz)"]
[EventRounds "9"]
[EventCountry "USA"]
[SourceTitle "EXT 2021"]
[Source "ChessBase"]
[SourceDate "2020.10.23"]
[SourceVersion "1"]
[SourceVersionDate "2020.10.23"]
[SourceQuality "1"]

1. e4 g6 2. d4 Bg7 3. Nc3 d6 4. Be3 a6 5. f3 b5 6. Qd2 Nd7 7. Nge2 Bb7 8. g4 h5 9. g5 e6 10. h4 Ne7 11. Ng3 Nb6 12. b3 0-0 13. a4 b4 14. Nce2 a5 15. Rd1 d5 16. e5 Nd7 17. Bh3 c5 18. f4 c4 19. 0-0 Rc8 20. Bf2 Qb6 21. Rfe1 Rc6 22. Qe3 Rfc8 23. Qf3 Nf8 24. Nxh5 gxh5 25. Qxh5 cxb3 26. cxb3 Ba6 27. Ng3 Rc3 28. f5 Rxg3+ 29. Bxg3 exf5 30. Qf3 Ne6 31. Bxf5 Nxd4 32. Rxd4 Qxd4+ 33. Bf2 Rc3 34. Bh7+ Kf8 35. Qh5 Rg3+ 36. Kh1 Qxf2 0-1

[Event "BEL-chT 1314"]
[Site "Belgium"]
[Date "2014.01.26"]
[Round "8.2"]
[White "Bitalzadeh, Ali"]
[Black "Wemmers, Xander"]
[Result "1-0"]
[WhiteElo "2418"]
[BlackElo "2330"]
[PlyCount "63"]
[EventDate "2013.09.22"]
[EventType "team-tourn"]
[EventRounds "11"]
[EventCountry "BEL"]
[SourceTitle "EXT 2015"]
[Source "ChessBase"]
[SourceDate "2014.11.20"]
[SourceVersion "1"]
[SourceVersionDate "2014.11.20"]
[SourceQuality "1"]
[WhiteTeam "KGSRL"]
[BlackTeam "Borgerhout"]
[WhiteTeamCountry "BEL"]
[BlackTeamCountry "BEL"]

1. c4 Nf6 2. Nc3 e5 3. Nf3 Nc6 4. e3 Bb4 5. Qc2 Bxc3 6. Qxc3 Qe7 7. d4 d6 8. d5 Nb8 9. h3 0-0 10. Qc2 a5 11. b3 Na6 12. g4 Nc5 13. Nd2 h5 14. Be2 c6 15. dxc6 bxc6 16. Ba3 Na6 17. Bf3 Bb7 18. gxh5 Qe6 19. Rg1 Nd7 20. Ne4 Nb4 21. Bxb4 axb4 22. Rd1 d5 23. cxd5 cxd5 24. Ng5 Qh6 25. Qc7 Bc6 26. Bxd5 Bxd5 27. Qxd7 Bc6 28. Qe7 Rxa2 29. Rd8 Ra1+ 30. Kd2 Ra2+ 31. Kc1 Be8 32. Qxe8 1-0

[Event "Haarlem BDO-A 9th"]
[Site "Haarlem"]
[Date "2013.08.25"]
[Round "9"]
[White "Svane, Rasmus"]
[Black "Bitalzadeh, Ali"]
[Result "1-0"]
[WhiteElo "2425"]
[BlackElo "2423"]
[PlyCount "121"]
[EventDate "2013.08.17"]
[EventType "tourn"]
[EventRounds "9"]
[EventCountry "NED"]
[EventCategory "10"]
[SourceTitle "CBM 156 Extra"]
[Source "ChessBase"]
[SourceDate "2013.10.22"]
[SourceVersion "1"]
[SourceVersionDate "2013.10.22"]
[SourceQuality "1"]

1. Nf3 Nf6 2. c4 g6 3. Nc3 Bg7 4. e4 d6 5. d4 0-0 6. Be2 e5 7. 0-0 Qe8 8. dxe5 dxe5 9. Be3 b6 10. Nd5 Na6 11. Qc2 Bg4 12. a3 Bxf3 13. Nxf6+ Bxf6 14. Bxf3 Qe7 15. b4 c6 16. Qa4 Qb7 17. Rfd1 Rfd8 18. Bg4 h5 19. Bh3 Be7 20. g3 Kg7 21. Qb3 Rxd1+ 22. Rxd1 Rd8 23. Rxd8 Bxd8 24. Qc3 Bf6 25. Qd3 c5 26. b5 Nc7 27. Qd7 Qb8 28. Qc6 Ne8 29. a4 Nd6 30. Qd5 Nb7 31. Bd2 Qc7 32. Qc6 Bd8 33. Bc3 f6 34. Qd5 Be7 35. Bf1 Nd8 36. h4 Qb7 37. Qd3 Qc7 38. Bh3 Qd6 39. Qe3 Qd1+ 40. Kg2 Nf7 41. Be6 Qc2 42. Bd5 Bf8 43. a5 Nd6 44. Bd2 Kh7 45. Qc3 Qd1 46. Be3 Qb1 47. axb6 axb6 48. Qa3 Nxc4 49. Qa7+ Bg7 50. Bxc4 Qxe4+ 51. Kh2 Qxc4 52. Qxb6 g5 53. Qxc5 Qg4 54. b6 gxh4 55. Qc2+ f5 56. b7 h3 57. f3 Qxf3 58. b8Q h4 59. Qf2 hxg3+ 60. Qxg3 Qe2+ 61. Qf2 1-0

[Event "Haarlem BDO-A 9th"]
[Site "Haarlem"]
[Date "2013.08.23"]
[Round "7"]
[White "Bok, Benjamin"]
[Black "Bitalzadeh, Ali"]
[Result "1-0"]
[WhiteElo "2527"]
[BlackElo "2423"]
[PlyCount "79"]
[EventDate "2013.08.17"]
[EventType "tourn"]
[EventRounds "9"]
[EventCountry "NED"]
[EventCategory "10"]
[SourceTitle "CBM 156 Extra"]
[Source "ChessBase"]
[SourceDate "2013.10.22"]
[SourceVersion "1"]
[SourceVersionDate "2013.10.22"]
[SourceQuality "1"]

1. d4 Nf6 2. c4 g6 3. Nf3 Bg7 4. g3 0-0 5. Bg2 d6 6. 0-0 Nc6 7. Nc3 a6 8. Bf4 Bg4 9. Rc1 Bxf3 10. Bxf3 Nd7 11. b3 Rb8 12. d5 Nce5 13. Bg2 c5 14. a4 Nf6 15. Bd2 Ne8 16. f4 Nd7 17. e4 Nc7 18. a5 e6 19. g4 exd5 20. exd5 Ne8 21. Ne2 h6 22. Ng3 Bd4+ 23. Kh1 Ng7 24. Qf3 b5 25. axb6 Qxb6 26. Rb1 a5 27. Ne2 Bf6 28. Qh3 Rfe8 29. Ng3 Bd4 30. g5 Nf8 31. gxh6 Nh5 32. Nxh5 gxh5 33. Qxh5 a4 34. Rf3 Nh7 35. Bc3 Kh8 36. Bxd4+ cxd4 37. Rg3 Qb4 38. Rg1 Rg8 39. Qxf7 Rbf8 40. Be4 1-0

[Event "Haarlem BDO-A 9th"]
[Site "Haarlem"]
[Date "2013.08.22"]
[Round "6"]
[White "Bitalzadeh, Ali"]
[Black "L'Ami, Erwin"]
[Result "1/2-1/2"]
[WhiteElo "2423"]
[BlackElo "2626"]
[PlyCount "151"]
[EventDate "2013.08.17"]
[EventType "tourn"]
[EventRounds "9"]
[EventCountry "NED"]
[EventCategory "10"]
[SourceTitle "CBM 156 Extra"]
[Source "ChessBase"]
[SourceDate "2013.10.22"]
[SourceVersion "1"]
[SourceVersionDate "2013.10.22"]
[SourceQuality "1"]

1. c4 e5 2. Nc3 Nc6 3. Nf3 f5 4. d4 e4 5. Ng5 Bb4 6. Nh3 Nf6 7. e3 Bxc3+ 8. bxc3 0-0 9. Nf4 d6 10. c5 d5 11. h4 Ne7 12. Be2 c6 13. a4 Qe8 14. h5 g5 15. hxg6 hxg6 16. Kd2 Kg7 17. Ba3 Rh8 18. Nh3 Qd8 19. Qg1 Qc7 20. Rb1 Bd7 21. Qh2 Qxh2 22. Rxh2 Bc8 23. Rhh1 Ne8 24. c4 Nf6 25. Bb4 dxc4 26. Bxc4 Nfd5 27. Bc3 Rb8 28. f4 exf3 29. gxf3 Rxh3 30. Rxh3 f4 31. Rh2 fxe3+ 32. Kc2 Bf5+ 33. Bd3 Bxd3+ 34. Kxd3 Nf5 35. a5 Kf6 36. a6 b5 37. cxb6 axb6 38. Rh7 Ra8 39. a7 Nd6 40. Be1 Nb5 41. Ra1 Ke6 42. Ra4 Ne7 43. Bh4 Nf5 44. Bg5 e2 45. Bd2 Ne7 46. Kxe2 Rxa7 47. Rxa7 Nxa7 48. Bg5 Nac8 49. Rh8 b5 50. Kd3 Kf5 51. Bh4 Ke6 52. Bxe7 Nxe7 53. Rh1 Kd5 54. Rg1 Ke6 55. Rg5 Kd6 56. Kc3 Nd5+ 57. Kb3 Ne7 58. Ka3 Ke6 59. Kb4 Kd6 60. Kb3 Ke6 61. Kc3 Nd5+ 62. Kd3 Ne7 63. Ke4 Kd6 64. Rg1 Ke6 65. Ra1 Kd6 66. Ra8 Ke6 67. Ra7 Nd5 68. Rb7 Kd6 69. Rg7 Ne7 70. Kf4 Ke6 71. Kg5 b4 72. Rh7 b3 73. f4 Nf5 74. Kxg6 Nxd4 75. Rb7 c5 76. f5+ 1/2-1/2

[Event "Haarlem BDO-A 9th"]
[Site "Haarlem"]
[Date "2013.08.18"]
[Round "2"]
[White "Klein, David"]
[Black "Bitalzadeh, Ali"]
[Result "1/2-1/2"]
[WhiteElo "2468"]
[BlackElo "2423"]
[PlyCount "109"]
[EventDate "2013.08.17"]
[EventType "tourn"]
[EventRounds "9"]
[EventCountry "NED"]
[EventCategory "10"]
[SourceTitle "CBM 156 Extra"]
[Source "ChessBase"]
[SourceDate "2013.10.22"]
[SourceVersion "1"]
[SourceVersionDate "2013.10.22"]
[SourceQuality "1"]

1. e4 c5 2. Nf3 d6 3. d4 cxd4 4. Qxd4 Nf6 5. Bb5+ Nc6 6. Nc3 Bd7 7. Bxc6 Bxc6 8. Bg5 e6 9. Qd3 Be7 10. 0-0-0 0-0 11. Kb1 h6 12. Bc1 Qc7 13. Nd4 Rfd8 14. f4 Rac8 15. Rhe1 d5 16. Nxc6 Qxc6 17. e5 Nd7 18. f5 Bb4 19. fxe6 fxe6 20. Bxh6 Bxc3 21. Qg6 Bxe5 22. Rxe5 Qxc2+ 23. Qxc2 Rxc2 24. Rg5 Rf2 25. Bxg7 Rf5 26. Rxf5 exf5 27. Bd4 Kf7 28. Rf1 Ke6 29. h4 Rg8 30. Re1+ Kf7 31. Rf1 Ke6 32. h5 Rg4 33. Bxa7 Rxg2 34. Rh1 Nf6 35. h6 Nh7 36. Re1+ Kf6 37. Bd4+ Kg5 38. Re5 Rg4 39. Be3+ Kf6 40. Rxd5 f4 41. Bd4+ Kg6 42. Rd6+ Kh5 43. Kc1 b5 44. Rb6 Rg5 45. Kc2 f3 46. Kc3 Rf5 47. Bf2 Nf6 48. h7 Nxh7 49. Kb4 Kg4 50. Rxb5 Nf6 51. Rxf5 Kxf5 52. Kb5 Ke6 53. Kc6 Ng4 54. Bg3 Ne5+ 55. Kc5 1/2-1/2

[Event "Haarlem Nova College op-A 12th"]
[Site "Haarlem"]
[Date "2013.06.28"]
[Round "1"]
[White "Langedijk, Ardjan"]
[Black "Bitalzadeh, Ali"]
[Result "0-1"]
[WhiteElo "2112"]
[BlackElo "2423"]
[PlyCount "77"]
[EventDate "2013.06.28"]
[EventType "swiss"]
[EventRounds "6"]
[EventCountry "NED"]
[SourceTitle "EXT 2015"]
[Source "ChessBase"]
[SourceDate "2014.11.20"]
[SourceVersion "1"]
[SourceVersionDate "2014.11.20"]
[SourceQuality "1"]

1. e4 c5 2. Nf3 d6 3. d4 cxd4 4. Nxd4 Nf6 5. Nc3 Nc6 6. Bc4 Bd7 7. 0-0 g6 8. h3 Bg7 9. Be3 0-0 10. f4 Rc8 11. Bb3 Qa5 12. Nf3 Nh5 13. Qe1 Nb8 14. e5 Bh6 15. Qh4 dxe5 16. Nxe5 Bg7 17. Nd5 Rce8 18. Nxe7+ Kh8 19. Nd5 Bb5 20. Rfe1 Nc6 21. g4 Nxf4 22. Bxf4 Nxe5 23. Bxe5 Rxe5 24. c3 Bc6 25. Rxe5 Bxe5 26. Re1 Bg7 27. Ne7 Re8 28. Nxc6 Qc5+ 29. Nd4 Bxd4+ 30. cxd4 Qxd4+ 31. Kf1 Qd3+ 32. Kf2 Rxe1 33. Kxe1 Qb1+ 34. Ke2 Qxb2+ 35. Kd3 Qb1+ 36. Kc4 Qe4+ 37. Kc3 Qe5+ 38. Kc2 f6 39. Qf2 0-1